000 00634cam a22002171 4500
001 4057941
005 20180306033626.0
008 730515s1962 nyuafh bd 000 0 eng
010 _a 62006363
040 _aDLC
_cDLC
_dDLC
041 1 _aengspa
080 _a398.303 CIR
082 0 0 _a398.303 CIR
100 1 _a23
101 _aFJA
240 1 0 _aDiccionario de símbolos tradicionales.
_lEnglish
245 1 2 _aA dictionary of symbols.
_cTranslated from the Spanish by Jack Sage. Foreword by Herbert Read.
504 _aBibliography: p. [367]-377.
906 _a7
_bcbc
_corignew
_du
_eocip
_f19
_gy-gencatlg
942 _2ddc
_cBK
999 _c44128
_d44128